Relativity: (Record no. 682)

MARC details
000 -LEADER
fixed length control field 00801cam a22002771 4500
005 - DATE AND TIME OF LATEST TRANSACTION
control field 20260322212030.0
008 - FIXED-LENGTH DATA ELEMENTS--GENERAL INFORMATION
fixed length control field data
010 ## - LIBRARY OF CONGRESS CONTROL NUMBER
LC control number 63006904
020 ## - INTERNATIONAL STANDARD BOOK NUMBER
International Standard Book Number 0517025302
020 ## - INTERNATIONAL STANDARD BOOK NUMBER
International Standard Book Number 9780517025307
040 ## - CATALOGING SOURCE
Original cataloging agency DLC
Transcribing agency DLC
Modifying agency DLC
041 1# - LANGUAGE CODE
Language code of text/sound track or separate title eng
Language code of original ger
050 10 - LIBRARY OF CONGRESS CALL NUMBER
Classification number QC6
082 00 - DEWEY DECIMAL CLASSIFICATION NUMBER
Classification number 530.1
092 ## - LOCALLY ASSIGNED DEWEY CALL NUMBER (OCLC)
Classification number 530.1 E384 1961
001 - CONTROL NUMBER
control field data
100 1# - MAIN ENTRY--PERSONAL NAME
Personal name Einstein, Albert,
Dates associated with a name 1879-1955.
240 10 - UNIFORM TITLE
Uniform title Über die spezielle und die allgemeine Relativitätstheorie.
Language of a work English
245 10 - TITLE STATEMENT
Title Relativity:
Remainder of title the special and the general theory; a popular exposition.
Statement of responsibility, etc. Albert Einstein.
250 ## - EDITION STATEMENT
Edition statement [17th ed.]
260 ## - PUBLICATION, DISTRIBUTION, ETC.
Place of publication, distribution, etc. New York,
Name of publisher, distributor, etc. Crown Publishers
Date of publication, distribution, etc. [1961]
300 ## - PHYSICAL DESCRIPTION
Extent ix, 164 p.
Other physical details ports.
Dimensions 21 cm.
490 0# - SERIES STATEMENT
Series statement Bonanza paperback
504 ## - BIBLIOGRAPHY, ETC. NOTE
Bibliography, etc. note Bibliography: p. 158-159.
650 #0 - SUBJECT ADDED ENTRY--TOPICAL TERM
Topical term or geographic name entry element Relativity (Physics)
Holdings
Withdrawn status Lost status Damaged status Not for loan Home library Current library Shelving location Date acquired Total checkouts Full call number Barcode Date last seen Price effective from Koha item type
        Riverside Riverside General stacks 22/03/2026   530.1 BC0010699 22/03/2026 22/03/2026 Books